| 000 | 00551nam a22001817a 4500 | ||
|---|---|---|---|
| 005 | 20150911122315.0 | ||
| 010 | _aENG-113939 | ||
| 020 |
_c400.00 _a9789350450253 |
||
| 035 | _aEN-97471 | ||
| 037 |
_bDBAD/PUB _adpl |
||
| 082 | _a894.827 | ||
| 100 | _aAnjaneyulu, D. | ||
| 245 |
_aGlimpses of Telugu literature : _bleaders and landmarks / _cby D. Anjaneyulu |
||
| 260 |
_aCalcutta _bWriters Workshop _c2012 |
||
| 270 |
_a162/92, Lake Gardens, _bCalcutta _e700045 |
||
| 300 |
_a,213p. _c22cm(Hb) |
||
| 942 |
_2ddc _cEN _mANJ _h894.827 |
||
| 999 |
_c96510 _d96510 |
||